01444nam a2200325 a 4500001001200000003000800012006001900020007001500039008004100054010001700095020002800112040002100140035002100161050002200182082001500204100002100219245018200240260003700422300003000459504006400489533015200553650006000705650006000765651004500825651003800870651003800908655002900946710001700975856012600992ebr10005707CaPaEBRm u cr cn|||||||||000412s2000 txuab sb 001 0 eng  z 00030245  z087565231X (alk. paper) aCaPaEBRcCaPaEBR a(OCoLC)61337286514aF786b.T68 2000eb04a972/.12211 aTorrans, Thomas.10aForging the tortilla curtainh[electronic resource] :bcultural drift and change along the United States-Mexico border, from the Spanish era to the present /cby Thomas Torrans. aFort Worth :bTCU Press,cc2000. axi, 424 p. :bill., maps. aIncludes bibliographical references (p. 383-403) and index. aElectronic reproduction.bPalo Alto, Calif. :cebrary,d2013.nAvailable via World Wide Web.nAccess may be limited to ebrary affiliated libraries. 0aAcculturationzMexican-American Border RegionxHistory. 0aSocial changezMexican-American Border RegionxHistory. 0aMexican-American Border RegionxHistory. 0aUnited StatesxRelationszMexico. 0aMexicoxRelationszUnited States. 7aElectronic books.2local2 aebrary, Inc.40uhttp://site.ebrary.com/lib/rucke/Doc?id=10005707zAn electronic book accessible through the World Wide Web; click to view